000 00278nam a2200109Ia 4500
008 190911s9999||||xx |||||||||||||| ||und||
100 _aStone,Harold S.
245 0 _aHigh-Performance Computer Architecture
260 _aNew York
_bMc Graw Hill
_c1993
300 _a512
942 _cBK
999 _c6646
_d6646